000 00778nam a2200253Ia 4500
003 OSt
005 20220928125010.0
006 a|||||r|||| 00| 0
007 ta
008 220927b |||||||| |||| 00| 0 eng d
020 _c8684.4500000000007
024 _a127637
037 _b135, 04/12/2015, Classic Book Service
_cTextual
040 _aSDCL
_cSDCL
_beng
041 _2eng
_aeng
082 _aR3xM891, Q5
100 _aTejedor Chon
_9439712
245 0 _aEarly wittgenstein on metaphysics, natural science, language and value
260 _aNew York
_b Routledge
_c2015
300 _axvi;185p.
_ccm.
650 _aPhilosophy
942 _hR3xM891, Q5
_cTEXL
_2CC
999 _c780358
_d780358